| 000 | 00470nam a22001817a 4500 | ||
|---|---|---|---|
| 003 | CEME | ||
| 005 | 20210628203029.0 | ||
| 008 | 210128b xxu||||| |||| 00| 0 eng d | ||
| 020 | _a9693519981 | ||
| 040 | _c. | ||
| 082 | _a891.4392 BAN | ||
| 100 |
_aBano Qudsia _99437 |
||
| 245 | _aChotta shehar baray log | ||
| 260 |
_aLAHORE _bSANG-E-MEEL _c2007 |
||
| 300 | _a360P | ||
| 650 |
_aURDU LITERATURE-DRAMA.URDU ADAB-CHOTTA SHEHAR BARAY LOG _962957 |
||
| 942 |
_cBK _2ddc |
||
| 999 |
_c571900 _d571900 |
||